| 000 | 00561nam a2200193 a 4500 | ||
|---|---|---|---|
| 005 | 20240910064107.0 | ||
| 008 | 991125s1995 ea 000 0 spa u | ||
| 035 | _aUPN01000002484 | ||
| 049 | _aI | ||
| 050 | 4 |
_aPZ78 _bR6.28 |
|
| 100 | 1 | _aRoberts, Sharon Lee | |
| 245 | 1 | 3 |
_aLa amistad / _cSharon Lee Roberts ; il. por Linda Hohag. |
| 260 |
_aMankato [E.U.A.] : _bThe Child's World, _c1995. |
||
| 300 |
_a30 p. : _bil. col. |
||
| 440 | 0 | _aValores para la vida | |
| 650 | 7 |
_aAmistad _2 _94317 |
|
| 650 | 4 |
_aLibros y lectura para niƱos _92290 |
|
| 905 | _aInfantil | ||
| 999 |
_c2484 _d2484 |
||